El universo conservador de Antonio Maura : biografía y proyecto de estado /
Saved in:
| Main Author: | |
|---|---|
| Format: | Electronic eBook |
| Language: | Spanish |
| Published: |
Madrid :
Editorial Biblioteca Nueva,
1997.
|
| Series: | Colección Historia (Biblioteca Nueva (Firm)).
|
| Subjects: | |
| Online Access: | Digitalia Hispánica |
| Tags: |
Add Tag
No Tags, Be the first to tag this record!
|
MARC
| LEADER | 00000nam a2200000Ii 4500 | ||
|---|---|---|---|
| 001 | DIGBN02624 | ||
| 003 | NyNyDIG | ||
| 006 | m o d | ||
| 007 | cr ||||||||||| | ||
| 008 | 100625s1997 sp a ob 001 0dspa d | ||
| 020 | |z 8470304011 | ||
| 020 | |z 9788470304019 | ||
| 035 | |a (OCoLC)762278236 | ||
| 040 | |a DGITA |b eng |e pn |c DGITA | ||
| 043 | |a e-sp--- | ||
| 050 | 1 | 4 | |a DP236.M35 eBook |
| 100 | 1 | |a González Hernández, María Jesús, |d 1961- | |
| 245 | 1 | 3 | |a El universo conservador de Antonio Maura : |b biografía y proyecto de estado / |c María Jesús González Hernández. |
| 264 | 1 | |a Madrid : |b Editorial Biblioteca Nueva, |c 1997. | |
| 300 | |a 1 online resource (xvi, 478 pages) : |b ill. | ||
| 336 | |a text |b txt |2 rdacontent | ||
| 337 | |a computer |b c |2 rdamedia | ||
| 338 | |a online resource |b cr |2 rdacarrier | ||
| 490 | 1 | |a Colección Historia Biblioteca Nueva | |
| 504 | |a Includes bibliographical references (p. 415-442). | ||
| 505 | 0 | |a Prólogo - Introducción -- Capítulo I: I. Los años de formación: abogado y gamacista -- II. La liberación de los gamacistas -- III. Maura se une a los conservadores -- Capítulo II: I. El primer gobierno Maura -- II. La travesía en el desierto -- Capítulo III: I. Escueto balance de un proyecto frustrado: la socialización conservadora -- II. Romper el "círculo vicioso", o la legitimación desde la ilegitimidad -- III. Dos leyes de una trilogía para dinamitar el sistema -- IV La ley de administración local -- V construir un ciudadano y construir una nación -- Capítulo IV: I. La política social del "gobierno largo" -- Capítulo V: I. La política económica del "gobierno largo" -- II. Una política económica sin adjetivos -- III. Los adjetivos de una política económica -- Capítulo VI: I. Cataluña -- II. Marruecos -- III. Cataluña y marruecos: la "rosa de fuego" -- Capítulo VII: I. La crisis -- II. Algunas reflexiones sobre la crisis y sus consecuencias - Epílogo - Conclusiones -- Fuentes y bibliografía -- Los gobiernos de la restauración -- Índice onomástico. | |
| 600 | 1 | 0 | |a Maura, Antonio, |d 1853-1925. |
| 651 | 0 | |a Spain |x Politics and government |y 1886-1931. | |
| 655 | 0 | |a Electronic books. | |
| 791 | 2 | |a Digitalia (Firm), |e distributor. | |
| 830 | 0 | |a Colección Historia (Biblioteca Nueva (Firm)). | |
| 793 | 0 | |g Digitalia eBook Collection: |a Biblioteca Nueva | |
| 856 | 4 | 0 | |3 Digitalia Hispánica |u https://digitalia.unach.elogim.com/a/1991/ |
| 910 | |a Premium Collection: 2007-2012 | ||